<?xml version="1.0" encoding="UTF-8"?>
<record
    xmlns:xsi="http://www.w3.org/2001/XMLSchema-instance"
    xsi:schemaLocation="http://www.loc.gov/MARC21/slim http://www.loc.gov/standards/marcxml/schema/MARC21slim.xsd"
    xmlns="http://www.loc.gov/MARC21/slim">

  <leader>01509nam a2200409 a 4500</leader>
  <controlfield tag="001">000115129</controlfield>
  <controlfield tag="003">CHAP</controlfield>
  <controlfield tag="005">20220329144517.0</controlfield>
  <controlfield tag="008">181018s2018    mx a    sm   |||||||spa d</controlfield>
  <datafield tag="010" ind1=" " ind2=" ">
    <subfield code="a">111590</subfield>
  </datafield>
  <datafield tag="011" ind1=" " ind2=" ">
    <subfield code="a">112562</subfield>
  </datafield>
  <datafield tag="040" ind1=" " ind2=" ">
    <subfield code="c">CHAP</subfield>
  </datafield>
  <datafield tag="090" ind1=" " ind2=" ">
    <subfield code="a">Tesis</subfield>
  </datafield>
  <datafield tag="100" ind1="1" ind2=" ">
    <subfield code="a">Perez Viveros, Luis Canek.</subfield>
    <subfield code="9">135992</subfield>
  </datafield>
  <datafield tag="245" ind1="1" ind2="0">
    <subfield code="a">Respuesta de dos genotipos de ma&#xED;z de temporal a tres fuentes de nutrimentos en Teotitl&#xE1;n, Oaxaca /</subfield>
    <subfield code="h">[En l&#xED;nea]</subfield>
    <subfield code="c">por Luis Canek Perez Viveros.</subfield>
  </datafield>
  <datafield tag="260" ind1=" " ind2=" ">
    <subfield code="a">Chapingo, M&#xE9;x. :</subfield>
    <subfield code="b">El autor,</subfield>
    <subfield code="c">2018.</subfield>
  </datafield>
  <datafield tag="500" ind1=" " ind2=" ">
    <subfield code="a">Para ver el contenido del material haga clic en la liga</subfield>
  </datafield>
  <datafield tag="502" ind1=" " ind2=" ">
    <subfield code="a">Tesis (Ing. Agr. Esp. en Fitotecnia) -- UACH. Departamento de Fitotecnia</subfield>
  </datafield>
  <datafield tag="590" ind1=" " ind2=" ">
    <subfield code="a">BATCH-UPD</subfield>
    <subfield code="b">10</subfield>
    <subfield code="c">20190610</subfield>
    <subfield code="l">UCH01</subfield>
    <subfield code="h">1207</subfield>
  </datafield>
  <datafield tag="590" ind1=" " ind2=" ">
    <subfield code="a">E11695DGD</subfield>
    <subfield code="b">10</subfield>
    <subfield code="c">20190610</subfield>
    <subfield code="l">UCH01</subfield>
    <subfield code="h">1206</subfield>
  </datafield>
  <datafield tag="590" ind1=" " ind2=" ">
    <subfield code="a">E8697GMM</subfield>
    <subfield code="b">05</subfield>
    <subfield code="c">20181018</subfield>
    <subfield code="l">UCH01</subfield>
    <subfield code="h">1423</subfield>
  </datafield>
  <datafield tag="590" ind1=" " ind2=" ">
    <subfield code="a">E8697GMM</subfield>
    <subfield code="b">05</subfield>
    <subfield code="c">20181018</subfield>
    <subfield code="l">UCH01</subfield>
    <subfield code="h">1426</subfield>
  </datafield>
  <datafield tag="590" ind1=" " ind2=" ">
    <subfield code="a">E8697GMM</subfield>
    <subfield code="b">05</subfield>
    <subfield code="c">20181018</subfield>
    <subfield code="l">UCH01</subfield>
    <subfield code="h">1428</subfield>
  </datafield>
  <datafield tag="590" ind1=" " ind2=" ">
    <subfield code="a">E8697GMM</subfield>
    <subfield code="b">05</subfield>
    <subfield code="c">20181019</subfield>
    <subfield code="l">UCH01</subfield>
    <subfield code="h">1130</subfield>
  </datafield>
  <datafield tag="590" ind1=" " ind2=" ">
    <subfield code="a">E8697GMM</subfield>
    <subfield code="b">05</subfield>
    <subfield code="c">20181203</subfield>
    <subfield code="l">UCH01</subfield>
    <subfield code="h">0847</subfield>
  </datafield>
  <datafield tag="590" ind1=" " ind2=" ">
    <subfield code="a">E8697GMM</subfield>
    <subfield code="b">05</subfield>
    <subfield code="c">20190516</subfield>
    <subfield code="l">UCH01</subfield>
    <subfield code="h">1532</subfield>
  </datafield>
  <datafield tag="650" ind1="1" ind2="4">
    <subfield code="a">Agricultura de temporal.</subfield>
    <subfield code="9">1999</subfield>
  </datafield>
  <datafield tag="650" ind1="1" ind2="4">
    <subfield code="a">Ma&#xED;z</subfield>
    <subfield code="x">H&#xED;bridos.</subfield>
    <subfield code="9">70974</subfield>
  </datafield>
  <datafield tag="650" ind1="1" ind2="4">
    <subfield code="a">Ma&#xED;z</subfield>
    <subfield code="x">Rendimiento.</subfield>
    <subfield code="9">71051</subfield>
  </datafield>
  <datafield tag="650" ind1="1" ind2="4">
    <subfield code="a">Ma&#xED;z</subfield>
    <subfield code="x">Valor nutritivo.</subfield>
    <subfield code="9">71080</subfield>
  </datafield>
  <datafield tag="650" ind1="1" ind2="4">
    <subfield code="a">Ma&#xED;z</subfield>
    <subfield code="x">Variedades.</subfield>
    <subfield code="9">71081</subfield>
  </datafield>
  <datafield tag="650" ind1="1" ind2="4">
    <subfield code="a">Ma&#xED;z</subfield>
    <subfield code="z">Oaxaca.</subfield>
    <subfield code="9">71100</subfield>
  </datafield>
  <datafield tag="856" ind1=" " ind2=" ">
    <subfield code="a">Finding aid</subfield>
    <subfield code="u">http://10.13.5.2/tesis/sist115129.pdf</subfield>
    <subfield code="z">Teclea aqu&#xED;</subfield>
  </datafield>
  <datafield tag="901" ind1=" " ind2=" ">
    <subfield code="a">BK</subfield>
  </datafield>
  <datafield tag="942" ind1=" " ind2=" ">
    <subfield code="c">TESIS</subfield>
  </datafield>
  <datafield tag="942" ind1=" " ind2=" ">
    <subfield code="n">0</subfield>
  </datafield>
  <datafield tag="999" ind1=" " ind2=" ">
    <subfield code="c">111590</subfield>
    <subfield code="d">111590</subfield>
  </datafield>
  <datafield tag="952" ind1=" " ind2=" ">
    <subfield code="0">0</subfield>
    <subfield code="1">0</subfield>
    <subfield code="4">0</subfield>
    <subfield code="5">4</subfield>
    <subfield code="7">1</subfield>
    <subfield code="8">TESIS</subfield>
    <subfield code="a">BC</subfield>
    <subfield code="b">BC</subfield>
    <subfield code="d">2018-10-18</subfield>
    <subfield code="f">TESIS</subfield>
    <subfield code="l">0</subfield>
    <subfield code="o">Tesis</subfield>
    <subfield code="p">115138-10</subfield>
    <subfield code="r">2019-12-31 00:00:00</subfield>
    <subfield code="w">2019-12-31</subfield>
    <subfield code="y">TESIS</subfield>
    <subfield code="z">Recien adquirido</subfield>
  </datafield>
</record>
